[Event "Reykjavik op"]
[Site "Reykjavik"]
[Date "2023.04.01"]
[Round "6"]
[White "Livaic, Leon"]
[Black "Panchanathan, Magesh Chandran"]
[Result "1-0"]
[WhiteElo "2569"]
[BlackElo "2460"]
[PlyCount "107"]
[EventDate "2023.03.29"]
[EventType "swiss"]
[EventRounds "9"]
[EventCountry "ISL"]
[SourceTitle "CBM 213 Extra"]
[Source "ChessBase"]
[SourceDate "2023.05.31"]
[SourceVersion "1"]
[SourceVersionDate "2023.05.31"]
[SourceQuality "1"]

1. d4 Nf6 2. c4 e6 3. g3 d5 4. Bg2 Be7 5. Nf3 0-0 6. Nc3 dxc4 7. Ne5 Nc6 8. Bxc6 bxc6 9. Nxc6 Qe8 10. Nxe7+ Qxe7 11. Qa4 e5 12. dxe5 Qxe5 13. Qxc4 Re8 14. f3 Qa5 15. b4 Ba6 16. bxa5 Bxc4 17. e4 Rad8 18. Kf2 Rd3 19. Nd1 Red8 20. Be3 Ra3 21. Nb2 Bb5 22. Rhc1 c6 23. Rc2 h5 24. Bxa7 Ra8 25. Bb6 Nd7 26. Nd1 Ne5 27. Rc3 Ra4 28. Nb2 Rb4 29. Rb3 Rxb3 30. axb3 Nd7 31. Be3 c5 32. Ke1 Ne5 33. f4 Nf3+ 34. Kd1 Nxh2 35. Bxc5 Nf1 36. Nc4 Nxg3 37. Nd6 Bc6 38. e5 Ne4 39. Nxe4 Bxe4 40. Bf2 Bd3 41. Kd2 Ba6 42. b4 Rd8+ 43. Kc2 Kf8 44. Kb3 Rd2 45. Bc5+ Ke8 46. Rh1 g6 47. f5 Re2 48. e6 Bb7 49. Rf1 fxe6 50. fxg6 Bd5+ 51. Kc3 Rg2 52. Rg1 Rxg1 53. Bxg1 e5 54. b5 1-0

[Event "Charlotte CCCSA Labor Day GM-B"]
[Site "Charlotte"]
[Date "2021.09.05"]
[Round "6"]
[White "Wang, Tianqi"]
[Black "Panchanathan, Magesh Chandran"]
[Result "0-1"]
[WhiteElo "2368"]
[BlackElo "2500"]
[PlyCount "120"]
[EventDate "2021.09.02"]
[EventType "tourn"]
[EventRounds "9"]
[EventCountry "USA"]
[EventCategory "9"]
[SourceTitle "CBM 204 Extra"]
[Source "ChessBase"]
[SourceDate "2021.11.30"]
[SourceVersion "1"]
[SourceVersionDate "2021.11.30"]
[SourceQuality "1"]

1. e4 e5 2. Nf3 Nc6 3. Nc3 Nf6 4. d4 exd4 5. Nxd4 Bb4 6. Nxc6 bxc6 7. Bd3 d5 8. Bd2 0-0 9. 0-0 dxe4 10. Nxe4 Bxd2 11. Nxd2 Bg4 12. Qc1 Re8 13. Re1 Rxe1+ 14. Qxe1 Qd4 15. Nc4 Re8 16. Qd2 g6 17. Re1 Be6 18. Bf1 c5 19. c3 Qxd2 20. Nxd2 Bxa2 21. Rxe8+ Nxe8 22. b3 Nd6 23. Ba6 c4 24. bxc4 Nf5 25. Kf1 Ng7 26. Ke2 Ne6 27. Bb5 Nc5 28. Ke3 a5 29. Kd4 Nb3+ 30. Nxb3 Bxb3 31. Kc5 Kf8 32. Bc6 Ke7 33. Kb5 a4 34. Kb4 Kd6 35. Bb5 c5+ 36. Ka3 f6 37. Bxa4 Bxc4 38. Kb2 Ke5 39. Bd1 Bd5 40. g3 g5 41. Kc2 Be4+ 42. Kd2 f5 43. Be2 f4 44. Bd1 h6 45. Bg4 Bc6 46. Kd3 Bb5+ 47. Kd2 Ke4 48. Bd1 Be8 49. Be2 h5 50. Bd1 Bf7 51. g4 hxg4 52. Bxg4 Bc4 53. Bd1 Be6 54. Be2 g4 55. Bd1 Kf5 56. Bc2+ Kg5 57. Be4 Bc4 58. Bc6 Kh4 59. Bd7 Bd5 60. Ke1 Bg2 0-1

[Event "Charlotte CCCSA Labor Day GM-B"]
[Site "Charlotte"]
[Date "2021.09.04"]
[Round "5"]
[White "Sheng, Joshua"]
[Black "Panchanathan, Magesh Chandran"]
[Result "1-0"]
[WhiteElo "2465"]
[BlackElo "2500"]
[PlyCount "99"]
[EventDate "2021.09.02"]
[EventType "tourn"]
[EventRounds "9"]
[EventCountry "USA"]
[EventCategory "9"]
[SourceTitle "CBM 204 Extra"]
[Source "ChessBase"]
[SourceDate "2021.11.30"]
[SourceVersion "1"]
[SourceVersionDate "2021.11.30"]
[SourceQuality "1"]

1. e4 e5 2. Nf3 Nc6 3. Bb5 a6 4. Ba4 Nf6 5. 0-0 Be7 6. Re1 d6 7. c3 0-0 8. h3 Bd7 9. d3 h6 10. Nbd2 Nh7 11. d4 b5 12. Bc2 Bf6 13. dxe5 dxe5 14. Nb3 Qe7 15. Be3 Rfd8 16. Qc1 Be8 17. a4 Nf8 18. Nc5 Na5 19. axb5 axb5 20. Nd2 Nc4 21. Nxc4 bxc4 22. Rd1 Nd7 23. Nb7 Rdc8 24. Ba4 Nf8 25. Bxe8 Qxe8 26. Rd5 Rxa1 27. Qxa1 Ra8 28. Ra5 Rb8 29. Nc5 Bg5 30. Bxg5 hxg5 31. Ra4 Rd8 32. Rxc4 Rd6 33. Nb7 Rd2 34. Rxc7 Ne6 35. Qc1 Rd7 36. Rxd7 Qxd7 37. Na5 Nf4 38. Qf1 g4 39. Nc4 gxh3 40. g3 Qg4 41. Kh2 Ne2 42. Nd2 Nf4 43. Nc4 Ne2 44. Qxh3 Qxe4 45. Nd6 Qd5 46. Qd7 g6 47. c4 Qf3 48. Qe8+ Kg7 49. Qxe5+ Kh7 50. Qe3 1-0

[Event "Charlotte CCCSA Labor Day GM-B"]
[Site "Charlotte"]
[Date "2021.09.03"]
[Round "3"]
[White "Rozman, Levy"]
[Black "Panchanathan, Magesh Chandran"]
[Result "1/2-1/2"]
[WhiteElo "2353"]
[BlackElo "2500"]
[PlyCount "79"]
[EventDate "2021.09.02"]
[EventType "tourn"]
[EventRounds "9"]
[EventCountry "USA"]
[EventCategory "9"]
[SourceTitle "CBM 204 Extra"]
[Source "ChessBase"]
[SourceDate "2021.11.30"]
[SourceVersion "1"]
[SourceVersionDate "2021.11.30"]
[SourceQuality "1"]

1. c4 Nf6 2. g3 e6 3. Bg2 d5 4. Nf3 dxc4 5. Qa4+ c6 6. Qxc4 b5 7. Qc2 Bb7 8. 0-0 Nbd7 9. b3 Be7 10. Bb2 0-0 11. Nc3 a6 12. Ne4 c5 13. Nfg5 Nxe4 14. Nxe4 Qb6 15. Qc3 f6 16. d4 Rac8 17. dxc5 Bxc5 18. Nxc5 Rxc5 19. Qe3 Bxg2 20. Kxg2 Rc2 21. Qxb6 Nxb6 22. Bd4 Nd5 23. e4 Nb4 24. a4 Rd8 25. Be3 Rd3 26. axb5 axb5 27. Kh3 Rxb3 28. Ra7 Ra2 29. Rd7 h5 30. Rfd1 Kh7 31. R1d6 Ra6 32. Rd2 Rc6 33. Rb7 Nd3 34. Ra2 Rc8 35. Raa7 Rg8 36. Ra5 e5 37. Rbxb5 Rxb5 38. Rxb5 Rc8 39. Rb3 Ne1 40. Bd2 1/2-1/2

[Event "Charlotte CCCSA Summer GM-A"]
[Site "Charlotte"]
[Date "2021.08.01"]
[Round "8"]
[White "Panchanathan, Magesh Chandran"]
[Black "Wang, Justin"]
[Result "1-0"]
[WhiteElo "2503"]
[BlackElo "2467"]
[PlyCount "131"]
[EventDate "2021.07.28"]
[EventType "tourn"]
[EventRounds "9"]
[EventCountry "USA"]
[EventCategory "8"]
[SourceTitle "CBM 203 Extra"]
[Source "ChessBase"]
[SourceDate "2021.09.30"]
[SourceVersion "1"]
[SourceVersionDate "2021.09.30"]
[SourceQuality "1"]

1. Nf3 Nf6 2. g3 d5 3. Bg2 c6 4. 0-0 Bg4 5. c4 e6 6. cxd5 exd5 7. d3 Nbd7 8. e4 dxe4 9. dxe4 Nc5 10. Nc3 Be7 11. h3 Be6 12. Qe2 Qd3 13. Qxd3 Nxd3 14. Rd1 Nxc1 15. Raxc1 Nd7 16. Nd4 g6 17. f4 h5 18. f5 Bc4 19. b3 Ba6 20. fxg6 fxg6 21. Ne6 Ba3 22. Nc7+ Ke7 23. Rc2 Ne5 24. Nxa8 Rxa8 25. Bf1 b5 26. Kg2 Rb8 27. Ne2 Bb7 28. Nf4 a5 29. Be2 Bd6 30. h4 Rc8 31. Bf3 c5 32. Rcd2 Rd8 33. Nd5+ Ke6 34. Nf4+ Ke7 35. Nd3 Nxf3 36. Kxf3 Bc8 37. Kg2 Bg4 38. Ne5 Bxe5 39. Rxd8 Bxd1 40. Rxd1 Bd4 41. Rf1 Be5 42. Rf3 c4 43. bxc4 bxc4 44. Ra3 c3 45. Ra4 Kd6 46. Rc4 Bg7 47. a4 Be5 48. Kf3 Bf6 49. Kf4 Be5+ 50. Kg5 Bxg3 51. Rxc3 Be1 52. Rc4 Ke5 53. Kxg6 Bxh4 54. Kxh5 Be7 55. Kg4 Ke6 56. Kf4 Bd6+ 57. Ke3 Ke5 58. Kd3 Be7 59. Rd4 Ke6 60. Rd5 Bb4 61. Kc4 Be1 62. Kb5 Bb4 63. Ka6 Bc3 64. Rxa5 Kd6 65. Kb6 Bd4+ 66. Kb7 1-0

[Event "Charlotte CCCSA Summer GM-A"]
[Site "Charlotte"]
[Date "2021.07.30"]
[Round "4"]
[White "Panchanathan, Magesh Chandran"]
[Black "Cordova, Emilio"]
[Result "0-1"]
[WhiteElo "2503"]
[BlackElo "2581"]
[PlyCount "64"]
[EventDate "2021.07.28"]
[EventType "tourn"]
[EventRounds "9"]
[EventCountry "USA"]
[EventCategory "8"]
[SourceTitle "CBM 203 Extra"]
[Source "ChessBase"]
[SourceDate "2021.09.30"]
[SourceVersion "1"]
[SourceVersionDate "2021.09.30"]
[SourceQuality "1"]

1. d4 Nf6 2. Nf3 b6 3. g3 Bb7 4. Bg2 c5 5. 0-0 e6 6. Bf4 Be7 7. c4 cxd4 8. Nxd4 Bxg2 9. Kxg2 a6 10. Nc3 d6 11. Qa4+ Qd7 12. Bg5 Ra7 13. Rad1 Rc7 14. Nb3 Qxa4 15. Nxa4 Nbd7 16. Rd4 0-0 17. Bxf6 gxf6 18. e4 Rb8 19. f4 b5 20. cxb5 axb5 21. Nc3 b4 22. Nb1 Nc5 23. Rc4 Ra7 24. Nxc5 dxc5 25. a3 bxa3 26. bxa3 Rb2+ 27. Kh3 Rab7 28. Nc3 Rc2 29. a4 Rb3 30. Rf3 Rbb2 31. Kg4 Rxh2 32. Rf1 Rbd2 0-1

[Event "Dulles Cherry Blossom op"]
[Site "Dulles"]
[Date "2021.05.31"]
[Round "9"]
[White "Panchanathan, Magesh Chandran"]
[Black "Checa, Nicolas D"]
[Result "0-1"]
[WhiteElo "2504"]
[BlackElo "2574"]
[PlyCount "68"]
[EventDate "2021.05.27"]
[EventType "swiss"]
[EventRounds "9"]
[EventCountry "USA"]
[SourceTitle "CBM 203 Extra"]
[Source "ChessBase"]
[SourceDate "2021.09.30"]
[SourceVersion "1"]
[SourceVersionDate "2021.09.30"]
[SourceQuality "1"]

1. Nf3 d5 2. g3 Nf6 3. Bg2 Bf5 4. 0-0 e6 5. a4 c5 6. d3 Nc6 7. c3 h6 8. a5 a6 9. Qb3 Qc8 10. c4 d4 11. Qa4 Nd7 12. Na3 Be7 13. Nc2 e5 14. Nd2 0-0 15. b4 cxb4 16. Nb3 Nf6 17. Bd2 Bd7 18. Rfb1 Re8 19. Nc1 Bd8 20. Nxb4 Bxa5 21. Nb3 Bxb4 22. Bxb4 a5 23. Bd2 Nb4 24. Qxa5 Rxa5 25. Nxa5 Nc6 26. Nxb7 Qc7 27. Nc5 Rb8 28. Rxb8+ Nxb8 29. Nxd7 Nbxd7 30. Ra8+ Kh7 31. Ba5 Qc5 32. Bd8 Qb4 33. Bxf6 Qe1+ 34. Bf1 Nxf6 0-1

[Event "Charlotte CCCSA Winter GM"]
[Site "Charlotte"]
[Date "2020.01.17"]
[Round "2"]
[White "Jacobson, Brandon"]
[Black "Panchanathan, Magesh Chandran"]
[Result "1/2-1/2"]
[WhiteElo "2470"]
[BlackElo "2482"]
[PlyCount "39"]
[EventDate "2020.01.16"]
[EventType "tourn"]
[EventRounds "9"]
[EventCountry "USA"]
[EventCategory "8"]
[SourceTitle "CBM 194 Extra"]
[Source "ChessBase"]
[SourceDate "2020.03.31"]
[SourceVersion "1"]
[SourceVersionDate "2020.03.31"]
[SourceQuality "1"]

1. c4 e5 2. Nc3 Nf6 3. Nf3 Nc6 4. e4 g6 5. d4 exd4 6. Nxd4 Bg7 7. Be3 0-0 8. Be2 Re8 9. f3 Nh5 10. Qd2 d6 11. 0-0-0 Nxd4 12. Bxd4 Bxd4 13. Qxd4 Qg5+ 14. Qd2 Qxd2+ 15. Kxd2 Be6 16. Nd5 Bxd5 17. cxd5 c5 18. dxc6 bxc6 19. Rc1 Nf4 20. Rc2 1/2-1/2

[Event "Hastings Masters op 95th"]
[Site "Hastings"]
[Date "2019.12.29"]
[Round "2"]
[White "Rudd, Jack"]
[Black "Panchanathan, Magesh Chandran"]
[Result "0-1"]
[WhiteElo "2331"]
[BlackElo "2479"]
[PlyCount "68"]
[EventDate "2019.12.28"]
[EventType "swiss"]
[EventRounds "9"]
[EventCountry "ENG"]
[SourceTitle "CBM 194 Extra"]
[Source "ChessBase"]
[SourceDate "2020.03.31"]
[SourceVersion "1"]
[SourceVersionDate "2020.03.31"]
[SourceQuality "1"]

1. d4 Nf6 2. c4 e6 3. Nf3 b6 4. g3 Ba6 5. b3 Bb7 6. Bg2 Bb4+ 7. Bd2 a5 8. 0-0 0-0 9. a3 Be7 10. Nc3 c6 11. Re1 d5 12. Qc2 Ba6 13. cxd5 cxd5 14. Ne5 Ra7 15. Bf4 Nh5 16. Be3 Bd6 17. Nf3 h6 18. g4 Nf4 19. Bf1 Rc7 20. Qd2 Ng6 21. Rec1 Nd7 22. a4 Nf6 23. g5 Ng4 24. gxh6 gxh6 25. Nb5 Bxb5 26. axb5 Kh7 27. Bh3 Nxe3 28. fxe3 f5 29. Kh1 Rg7 30. Rc6 Ne7 31. Rc2 Qe8 32. Qd3 Qh5 33. Bg2 Rfg8 34. Rg1 Rg4 0-1

[Event "Washington op 8th"]
[Site "Rockville"]
[Date "2019.07.30"]
[Round "7"]
[White "Panchanathan, Magesh Chandran"]
[Black "Balakrishnan, Praveen"]
[Result "1/2-1/2"]
[WhiteElo "2494"]
[BlackElo "2423"]
[PlyCount "160"]
[EventDate "2019.07.27"]
[EventType "swiss"]
[EventRounds "9"]
[EventCountry "USA"]
[SourceTitle "CBM 191 Extra"]
[Source "ChessBase"]
[SourceDate "2019.09.30"]
[SourceVersion "1"]
[SourceVersionDate "2019.09.30"]
[SourceQuality "1"]

1. d4 d5 2. Nf3 e6 3. c4 a6 4. cxd5 exd5 5. Nc3 h6 6. Bf4 Nf6 7. h3 Bd6 8. Bxd6 Qxd6 9. e3 Bf5 10. Be2 Nbd7 11. 0-0 g5 12. Bd3 Be6 13. e4 dxe4 14. Bxe4 0-0-0 15. Qc2 Rhg8 16. Rfe1 g4 17. hxg4 Bxg4 18. Ne5 Qxd4 19. Nxg4 Rxg4 20. Rad1 Qc5 21. Bf3 Rf4 22. Qb3 Rxf3 23. gxf3 Qh5 24. Re3 Qh3 25. Qxf7 Kb8 26. f4 Qg4+ 27. Rg3 Qxf4 28. Nd5 Qc4 29. Qe6 Re8 30. Qf5 Re5 31. Qf4 Re4 32. Qf5 Re5 33. Ne3 Qxa2 34. Qd3 Qe6 35. Rg7 Qh3 36. Ng2 Qxd3 37. Rxd3 Nc5 38. Rd8+ Ka7 39. Rxc7 Kb6 40. Rg7 Kb5 41. Ne3 Ne6 42. Rxb7+ Kc6 43. Ra7 Nxd8 44. Rxa6+ Kd7 45. Rxf6 Rb5 46. Nd1 h5 47. Rf4 Ke6 48. Re4+ Kf5 49. Rc4 Rb3 50. Rc5+ Kg6 51. Kg2 Ne6 52. Rc3 Rb4 53. Re3 Kf5 54. Kf1 Nf4 55. Rc3 Kg5 56. b3 Rb5 57. Rg3+ Kf6 58. Rf3 Kg5 59. Nc3 Rb8 60. Re3 h4 61. Kg1 Kf5 62. Ne4 Nd5 63. Nd6+ Kf6 64. Rf3+ Ke6 65. Nc4 Ne7 66. Re3+ Kf6 67. Kh2 Nd5 68. Rd3 Nf4 69. Rd6+ Kf5 70. Nb6 Rg8 71. Kh1 Nh3 72. Rd2 Ng5 73. Rd3 Ne4 74. Kh2 Kf4 75. Nd5+ Ke5 76. Ne7 Rg7 77. Nc6+ Kf4 78. Nd4 Nxf2 79. Rf3+ Ke4 80. Rxf2 Ke5 1/2-1/2